[Event "Tunja Boyaca op"]
[Site "Tunja"]
[Date "2019.08.01"]
[Round "2"]
[White "Herrera, Marjorie"]
[Black "Vargas, Pedro"]
[Result "0-1"]
[WhiteElo "1752"]
[BlackElo "2029"]
[PlyCount "40"]
[EventDate "2019.07.31"]
[EventType "swiss"]
[EventRounds "9"]
[EventCountry "COL"]
[SourceTitle "EXT 2020"]
[Source "ChessBase"]
[SourceDate "2019.10.17"]
[SourceVersion "1"]
[SourceVersionDate "2019.10.17"]
[SourceQuality "1"]

1. e4 d5 2. exd5 Qxd5 3. Nc3 Qa5 4. d4 c6 5. Bd2 Qc7 6. Bc4 Nf6 7. Bb3 Bf5 8. Nge2 e6 9. Ng3 Bg6 10. h4 h6 11. h5 Bh7 12. Qe2 Be7 13. 0-0-0 Nbd7 14. Rhe1 0-0-0 15. Qf3 Rhf8 16. d5 Nxd5 17. Bxd5 cxd5 18. Bf4 Bd6 19. Bxd6 Qxd6 20. Nb5 Qc5 0-1

[Event "COL-ch Amateur U2300"]
[Site "Bogota"]
[Date "2018.02.16"]
[Round "3"]
[White "Vargas, Pedro"]
[Black "Lopez, Jorge Hernan"]
[Result "1-0"]
[WhiteElo "2052"]
[BlackElo "1993"]
[PlyCount "42"]
[EventDate "2018.02.15"]
[EventType "swiss"]
[EventRounds "7"]
[EventCountry "COL"]
[SourceTitle "EXT 2024"]
[Source "ChessBase"]
[SourceDate "2023.10.10"]
[SourceVersion "1"]
[SourceVersionDate "2023.10.10"]
[SourceQuality "1"]

1. e4 d5 2. exd5 Qxd5 3. Nc3 Qa5 4. d4 Nf6 5. Bc4 Bf5 6. Nf3 c6 7. Ne5 e6 8. 0-0 Bb4 9. Bd2 Bxc3 10. Bxc3 Qc7 11. Bb3 Nbd7 12. Re1 0-0 13. Qf3 Nxe5 14. dxe5 Nd7 15. Rad1 b5 16. Rd6 c5 17. Red1 Rad8 18. Qe2 c4 19. Qd2 cxb3 20. axb3 b4 21. Bxb4 Qb7 1-0

[Event "Bogota IRT Menor U2100 op"]
[Site "Bogota"]
[Date "2013.12.20"]
[Round "8.4"]
[White "Rodriguez, William Nicolas"]
[Black "Vargas, Pedro"]
[Result "0-1"]
[WhiteElo "1759"]
[BlackElo "2044"]
[PlyCount "108"]
[EventDate "2013.12.18"]
[EventType "swiss"]
[EventRounds "9"]
[EventCountry "COL"]
[SourceTitle "EXT 2024"]
[Source "ChessBase"]
[SourceDate "2023.10.10"]
[SourceVersion "1"]
[SourceVersionDate "2023.10.10"]
[SourceQuality "1"]

1. e4 c5 2. Nf3 d6 3. d3 Nc6 4. Nbd2 g6 5. g3 Bg7 6. Bg2 Nf6 7. 0-0 0-0 8. Re1 Qc7 9. Nf1 Nd4 10. c3 Nxf3+ 11. Bxf3 Rb8 12. h4 h5 13. Bg5 e6 14. Ne3 Nh7 15. Kg2 Nxg5 16. hxg5 Qe7 17. Bxh5 Qxg5 18. Bg4 b5 19. Rh1 Bb7 20. f4 Qd8 21. Bf3 d5 22. e5 f5 23. d4 b4 24. Qg1 bxc3 25. Qh2 Kf7 26. Qg1 Kg8 27. bxc3 cxd4 28. cxd4 Qb6 29. Qd1 Qd8 30. Rb1 Ba8 31. Qc2 Rc8 32. Qd2 g5 33. Qe1 g4 34. Be2 Rc4 35. Qg1 Rxd4 36. Nxf5 Rd2 37. Nd4 Rxe2+ 38. Nxe2 d4+ 39. Kf2 d3 40. Qh2 Be4 41. Rhd1 Bf3 42. Rh1 Be4 43. Rhd1 Qd5 44. Ke1 Qa5+ 45. Rd2 dxe2 46. Rbb2 Bf3 47. Qh5 Qc5 48. Qh2 Qa5 49. Qg1 Rc8 50. Rb1 Rc2 51. Qd4 Qxd2+ 52. Qxd2 Rxd2 53. Kxd2 Bf8 54. Rb8 Kf7 0-1

[Event "Bogota IRT Menor U2100 op"]
[Site "Bogota"]
[Date "2013.12.19"]
[Round "6.3"]
[White "Rodriguez Correa, Enrique"]
[Black "Vargas, Pedro"]
[Result "1-0"]
[WhiteElo "1999"]
[BlackElo "2044"]
[PlyCount "51"]
[EventDate "2013.12.18"]
[EventType "swiss"]
[EventRounds "9"]
[EventCountry "COL"]
[SourceTitle "EXT 2024"]
[Source "ChessBase"]
[SourceDate "2023.10.10"]
[SourceVersion "1"]
[SourceVersionDate "2023.10.10"]
[SourceQuality "1"]

1. e4 d5 2. exd5 Qxd5 3. Qf3 Qa5 4. Bc4 Nf6 5. c3 c6 6. d4 Bg4 7. Qg3 e6 8. Bf4 Qd8 9. Nf3 Nbd7 10. Nbd2 Bf5 11. Bg5 Be7 12. Nh4 Nh5 13. Bxe7 Qxe7 14. Nxf5 Nxg3 15. Nxe7 Nxh1 16. Nxc6 Nxf2 17. Nxa7 Ng4 18. Nb5 Ke7 19. h3 Ne3 20. Kf2 Nf5 21. Ne4 h5 22. Re1 Nf6 23. Ng5 Rhd8 24. Bb3 Rac8 25. Nxe6 fxe6 26. Bxe6 1-0

[Event "Bogota IRT Menor U2100 op"]
[Site "Bogota"]
[Date "2013.12.19"]
[Round "7.5"]
[White "Vargas, Pedro"]
[Black "Nieto, Manuel Valerio Wald"]
[Result "1-0"]
[WhiteElo "2044"]
[BlackElo "2026"]
[PlyCount "39"]
[EventDate "2013.12.18"]
[EventType "swiss"]
[EventRounds "9"]
[EventCountry "COL"]
[SourceTitle "EXT 2024"]
[Source "ChessBase"]
[SourceDate "2023.10.10"]
[SourceVersion "1"]
[SourceVersionDate "2023.10.10"]
[SourceQuality "1"]

1. e4 c5 2. Nf3 g6 3. d4 cxd4 4. Nxd4 Nc6 5. Nc3 Bg7 6. Be3 Nf6 7. Be2 0-0 8. 0-0 d5 9. exd5 Nxd5 10. Nxd5 Nxd4 11. Bxd4 Qxd5 12. Bxg7 Qxd1 13. Rfxd1 Kxg7 14. Bf3 Bf5 15. c4 Rac8 16. Rac1 b6 17. b4 Rc7 18. Rc3 Rfc8 19. Rdc1 Be6 20. Be2 1-0

[Event "Bogota IRT Menor U2100 op"]
[Site "Bogota"]
[Date "2013.12.18"]
[Round "2.7"]
[White "Vargas, Diana Paola"]
[Black "Vargas, Pedro"]
[Result "0-1"]
[WhiteElo "1791"]
[BlackElo "2044"]
[PlyCount "52"]
[EventDate "2013.12.18"]
[EventType "swiss"]
[EventRounds "9"]
[EventCountry "COL"]
[SourceTitle "EXT 2024"]
[Source "ChessBase"]
[SourceDate "2023.10.10"]
[SourceVersion "1"]
[SourceVersionDate "2023.10.10"]
[SourceQuality "1"]

1. d4 c5 2. Nc3 e6 3. e4 cxd4 4. Qxd4 Nc6 5. Qe3 Nf6 6. Nf3 Bb4 7. Bc4 Bxc3+ 8. bxc3 0-0 9. Ba3 Re8 10. 0-0 d5 11. Rfd1 Nxe4 12. Nd2 Nxd2 13. Rxd2 Qa5 14. Rxd5 Qxa3 15. Rh5 Qe7 16. Bd3 g6 17. Qh6 f5 18. Rh3 Qg7 19. Qh4 Ne5 20. Rd1 Bd7 21. Be2 Bc6 22. Rg3 Nf7 23. Rd4 e5 24. Rb4 Rad8 25. Qc4 e4 26. Re3 Kh8 0-1

[Event "Bogota McGregor op 4th"]
[Site "Bogota"]
[Date "2013.12.06"]
[Round "4"]
[White "Vargas, Pedro"]
[Black "Oliva Castaneda, Kevel"]
[Result "1-0"]
[WhiteElo "2044"]
[BlackElo "2427"]
[PlyCount "92"]
[EventDate "2013.12.04"]
[EventType "swiss"]
[EventRounds "9"]
[EventCountry "COL"]
[SourceTitle "CBM 157 Extra"]
[Source "ChessBase"]
[SourceDate "2013.12.19"]
[SourceVersion "1"]
[SourceVersionDate "2013.12.19"]
[SourceQuality "1"]

1. d4 Nf6 2. c4 g6 3. Nc3 d5 4. cxd5 Nxd5 5. e4 Nxc3 6. bxc3 Bg7 7. Bc4 c5 8. Ne2 Nc6 9. Be3 0-0 10. 0-0 Qc7 11. Rc1 Rd8 12. Qc2 Na5 13. Bb3 b6 14. d5 c4 15. Ba4 e6 16. Bg5 f6 17. Bf4 e5 18. Be3 f5 19. f3 f4 20. Bf2 g5 21. Rfd1 Rb8 22. Qd2 Nb7 23. Bc6 Nd6 24. g3 Qf7 25. gxf4 gxf4 26. Kh1 Qh5 27. Ng1 Rf8 28. Qe2 Rf6 29. Rc2 Bf8 30. Rb2 Rh6 31. Bc5 Ba6 32. Bxd6 Bxd6 33. Bd7 Kh8 34. Qf1 Rg8 35. Bg4 Qe8 36. Rg2 Qa4 37. Rdd2 Qa3 38. Be6 Rg3 39. Nh3 Rg7 40. Ng5 Rf6 41. Nf7+ Rfxf7 42. Bxf7 Rxf7 43. Rg5 Qxc3 44. Rdg2 Qa3 45. Rg1 Rf8 46. R1g2 Rf6 1-0

[Event "Bogota McGregor op 3rd"]
[Site "Bogota"]
[Date "2012.12.14"]
[Round "4"]
[White "Argote Heredia, Valentina"]
[Black "Vargas, Pedro"]
[Result "1/2-1/2"]
[WhiteElo "1832"]
[BlackElo "2112"]
[PlyCount "59"]
[EventDate "2012.12.12"]
[EventType "swiss"]
[EventRounds "9"]
[EventCountry "COL"]
[SourceTitle "EXT 2014"]
[Source "ChessBase"]
[SourceDate "2013.11.20"]
[SourceVersion "1"]
[SourceVersionDate "2013.11.20"]
[SourceQuality "1"]

1. e4 c5 2. Nf3 d6 3. d4 cxd4 4. Nxd4 Nf6 5. Nc3 a6 6. Be2 e5 7. Nb3 Be6 8. 0-0 Be7 9. f4 Nc6 10. f5 Bxb3 11. axb3 h6 12. Be3 Qc7 13. Bc4 0-0 14. Nd5 Nxd5 15. Bxd5 Nb4 16. c3 Nxd5 17. Qxd5 Rfc8 18. Rfd1 Qc6 19. c4 Qxd5 20. Rxd5 Rc6 21. c5 dxc5 22. Rd7 Bf6 23. Rxb7 c4 24. Kf2 c3 25. bxc3 Rxc3 26. b4 Bg5 27. Bxg5 hxg5 28. b5 a5 29. Rd1 Rac8 30. Rd2 1/2-1/2

[Event "Bogota McGregor op 3rd"]
[Site "Bogota"]
[Date "2012.12.13"]
[Round "3"]
[White "Vargas, Pedro"]
[Black "Toro Castaneda, Elizabeth"]
[Result "1-0"]
[WhiteElo "2112"]
[BlackElo "1696"]
[PlyCount "62"]
[EventDate "2012.12.12"]
[EventType "swiss"]
[EventRounds "9"]
[EventCountry "COL"]
[SourceTitle "EXT 2014"]
[Source "ChessBase"]
[SourceDate "2013.11.20"]
[SourceVersion "1"]
[SourceVersionDate "2013.11.20"]
[SourceQuality "1"]

1. e4 e5 2. Nf3 Nc6 3. d4 exd4 4. Nxd4 Nxd4 5. Qxd4 d6 6. Nc3 Nf6 7. Bg5 Be7 8. Bc4 0-0 9. 0-0 h6 10. Bh4 Be6 11. Rad1 Bxc4 12. Qxc4 Nh5 13. Bxe7 Qxe7 14. Nd5 Qe6 15. Qxc7 Qxe4 16. Rfe1 Qa4 17. Qxd6 Qxc2 18. Qe5 g6 19. g4 Ng7 20. Nf6+ Kh8 21. Rd7 Qc4 22. b3 Qb4 23. Re4 Qb6 24. Qf4 g5 25. Qe5 Qc6 26. Rd6 Qc1+ 27. Kg2 Qc2 28. Rc4 Qxa2 29. Nh5 f6 30. Rxf6 Rxf6 31. Qxf6 Rd8 1-0